Encyclopedia of genetics, genomics, proteomics and informatics
This encyclopedia covers the basics and the latest in genomics, proteomics, genetic engineering, small RNAs, transcription factories, chromosome territories, stem cells, genetic networks, epigenetics, prions, hereditary diseases, and patents. Similar integrated information is not available in textbo...
Đã lưu trong:
| Príomhúdar: | |
|---|---|
| Formáid: | Leabhar |
| Teanga: | Undetermined |
| Foilsithe: |
[London]
Springer
2008
|
| Ábhair: | |
| Clibeanna: |
Cuir Clib Leis
Gan Chlibeanna, Bí ar an gcéad duine leis an taifead seo a chlibeáil!
|
| Thư viện lưu trữ: | Trung tâm Học liệu Trường Đại học Cần Thơ |
|---|
| LEADER | 00933nam a2200205Ia 4500 | ||
|---|---|---|---|
| 001 | CTU_192291 | ||
| 008 | 210402s9999 xx 000 0 und d | ||
| 082 | |a 599.935 | ||
| 082 | |b R314/Vol.2 | ||
| 100 | |a Rédei, George P. | ||
| 245 | 0 | |a Encyclopedia of genetics, genomics, proteomics and informatics | |
| 245 | 0 | |c George P. Rédei | |
| 260 | |a [London] | ||
| 260 | |b Springer | ||
| 260 | |c 2008 | ||
| 520 | |a This encyclopedia covers the basics and the latest in genomics, proteomics, genetic engineering, small RNAs, transcription factories, chromosome territories, stem cells, genetic networks, epigenetics, prions, hereditary diseases, and patents. Similar integrated information is not available in textbooks or on the Internet. | ||
| 650 | |a Human genetics,Di truyền con người | ||
| 650 | |x Encyclopedias,Bách khoa toàn thư | ||
| 910 | |a Hải | ||
| 980 | |a Trung tâm Học liệu Trường Đại học Cần Thơ | ||